[Event "Bratto op-C 35th"]
[Site "Bratto"]
[Date "2015.08.27"]
[Round "5.6"]
[White "Davini, Andrea"]
[Black "Saccani, Ettore"]
[Result "1/2-1/2"]
[WhiteElo "1695"]
[BlackElo "1697"]
[PlyCount "50"]
[EventDate "2015.08.23"]
[EventType "swiss"]
[EventRounds "8"]
[EventCountry "ITA"]
[SourceTitle "EXT 2022"]
[Source "ChessBase"]
[SourceDate "2021.10.06"]
[SourceVersion "1"]
[SourceVersionDate "2021.10.06"]
[SourceQuality "1"]

1. e4 e6 2. d4 d5 3. e5 b6 4. Nf3 Ba6 5. Bxa6 Nxa6 6. 0-0 c5 7. c3 Qd7 8. Qe2 Nc7 9. Bf4 Ne7 10. Nbd2 Ng6 11. Bg3 Be7 12. a4 h5 13. h3 a6 14. Ne1 0-0-0 15. Nc2 Rdg8 16. b4 c4 17. Ne3 Bg5 18. f4 Bh4 19. Bxh4 Nxh4 20. Qf2 Nf5 21. Nxf5 exf5 22. Nf3 Ne6 23. Ng5 Rh6 24. Kh1 Rg6 25. Nxe6 fxe6 1/2-1/2

[Event "Bratto op-C 35th"]
[Site "Bratto"]
[Date "2015.08.24"]
[Round "2.11"]
[White "Saccani, Ettore"]
[Black "Picasso, Filippo"]
[Result "1/2-1/2"]
[WhiteElo "1697"]
[BlackElo "1483"]
[PlyCount "55"]
[EventDate "2015.08.23"]
[EventType "swiss"]
[EventRounds "8"]
[EventCountry "ITA"]
[SourceTitle "EXT 2022"]
[Source "ChessBase"]
[SourceDate "2021.10.06"]
[SourceVersion "1"]
[SourceVersionDate "2021.10.06"]
[SourceQuality "1"]

1. e4 e5 2. Nf3 Nc6 3. Bb5 Nge7 4. 0-0 d6 5. h3 Bd7 6. c3 g6 7. d3 f5 8. Bc4 Na5 9. Bb3 Nxb3 10. Qxb3 Bc6 11. Ng5 d5 12. exf5 Nxf5 13. Ne6 Qd6 14. Nxf8 Rxf8 15. Na3 a6 16. Re1 0-0-0 17. Nc2 d4 18. cxd4 exd4 19. Qe6+ Qxe6 20. Rxe6 Rf7 21. Bg5 Rdf8 22. Rae1 h6 23. Be7 Nxe7 24. Rxe7 Rxf2 25. R1e2 Rf1+ 26. Kh2 R8f2 27. Nxd4 Rxe2 28. Rxe2 1/2-1/2

[Event "Robecchetto op-B 24th"]
[Site "Robecchetto"]
[Date "2013.12.28"]
[Round "3"]
[White "Saccani, Ettore"]
[Black "Giovarruscio, Gabriele"]
[Result "1-0"]
[WhiteElo "1726"]
[BlackElo "1683"]
[PlyCount "71"]
[EventDate "2013.12.27"]
[EventType "swiss"]
[EventRounds "6"]
[EventCountry "ITA"]
[SourceTitle "EXT 2015"]
[Source "ChessBase"]
[SourceDate "2014.11.20"]
[SourceVersion "1"]
[SourceVersionDate "2014.11.20"]
[SourceQuality "1"]

1. e4 c6 2. d4 d5 3. Nc3 dxe4 4. Nxe4 Bf5 5. Ng3 Bg6 6. Nf3 Nd7 7. Bc4 e6 8. 0-0 Ngf6 9. Re1 Be7 10. c3 Qc7 11. Bg5 h6 12. Bh4 0-0 13. Ne5 Nxe5 14. dxe5 Rfd8 15. Qb3 Nd5 16. Bxe7 Qxe7 17. Rad1 Nb6 18. Ne4 Rxd1 19. Qxd1 Nxc4 20. Nd6 Nxd6 21. exd6 Qd7 22. c4 b6 23. b4 Rd8 24. c5 bxc5 25. bxc5 Rb8 26. Qd2 Rb1 27. Rxb1 Bxb1 28. Qb2 Bg6 29. Qb8+ Kh7 30. Qc7 Qe8 31. d7 Qe7 32. d8Q Qxc5 33. h4 Qc1+ 34. Kh2 Qc4 35. Qcb8 Qxh4+ 36. Qxh4 1-0

[Event "Robecchetto Autunn op 10th"]
[Site "Robecchetto"]
[Date "2013.10.10"]
[Round "2"]
[White "Saccani, Ettore"]
[Black "Barrera, Pietro"]
[Result "0-1"]
[WhiteElo "1735"]
[BlackElo "1893"]
[PlyCount "32"]
[EventDate "2013.10.03"]
[EventType "swiss"]
[EventRounds "7"]
[EventCountry "ITA"]
[SourceTitle "EXT 2015"]
[Source "ChessBase"]
[SourceDate "2014.11.20"]
[SourceVersion "1"]
[SourceVersionDate "2014.11.20"]
[SourceQuality "1"]

1. e4 c5 2. Nf3 Nc6 3. c3 Nf6 4. e5 Nd5 5. d4 cxd4 6. cxd4 e6 7. Nc3 Nxc3 8. bxc3 d6 9. Bb5 Qa5 10. Qb3 d5 11. Bd2 Be7 12. 0-0 a6 13. Bd3 b5 14. Rfb1 Qc7 15. a4 Na5 16. axb5 Nxb3 0-1

[Event "Robecchetto Autumn op 8th"]
[Site "Robecchetto"]
[Date "2011.11.17"]
[Round "5"]
[White "Barrera, Pietro"]
[Black "Saccani, Ettore"]
[Result "1/2-1/2"]
[WhiteElo "1876"]
[BlackElo "1741"]
[PlyCount "76"]
[EventDate "2011.10.20"]
[EventType "swiss"]
[EventRounds "7"]
[EventCountry "ITA"]
[SourceTitle "EXT 2024"]
[Source "ChessBase"]
[SourceDate "2023.10.10"]
[SourceVersion "1"]
[SourceVersionDate "2023.10.10"]
[SourceQuality "1"]

1. d4 g6 2. Nf3 Nf6 3. Bg5 Bg7 4. e3 0-0 5. Bd3 d6 6. Nbd2 c5 7. c3 Nc6 8. 0-0 a6 9. Qe2 Bd7 10. Rfe1 b5 11. Rad1 Re8 12. dxc5 dxc5 13. Bb1 h6 14. Bxf6 Bxf6 15. Ne4 c4 16. Nc5 Nb8 17. Qd2 Ra7 18. e4 Qb6 19. Nxd7 Rxd7 20. Qxh6 Rxd1 21. Rxd1 Rd8 22. Qc1 Nc6 23. h3 Ne5 24. Nxe5 Bxe5 25. Rd5 Rxd5 26. exd5 Kg7 27. Qe1 Qd6 28. Be4 a5 29. Qe2 Qc5 30. g4 b4 31. cxb4 axb4 32. h4 c3 33. bxc3 Qxc3 34. h5 Qc1+ 35. Kg2 gxh5 36. gxh5 Qg5+ 37. Kh3 Kh6 38. Qg4 Qxh5+ 1/2-1/2

[Event "Robecchetto op 21th Autumn"]
[Site "Robecchetto"]
[Date "2010.10.14"]
[Round "2"]
[White "Saccani, Ettore"]
[Black "Rosescu, Liviu"]
[Result "0-1"]
[WhiteElo "1800"]
[BlackElo "1494"]
[PlyCount "34"]
[EventDate "2010.10.07"]
[EventType "swiss"]
[EventRounds "7"]
[EventCountry "ITA"]
[SourceTitle "EXT 2024"]
[Source "ChessBase"]
[SourceDate "2023.10.10"]
[SourceVersion "1"]
[SourceVersionDate "2023.10.10"]
[SourceQuality "1"]

1. e4 g6 2. d4 d6 3. Nf3 Bg7 4. Bc4 a6 5. 0-0 b5 6. Bb3 e6 7. Be3 Bb7 8. Nbd2 Nf6 9. Re1 Bxe4 10. Bg5 Bb7 11. Bxe6 fxe6 12. Rxe6+ Kf7 13. Qe2 Re8 14. Rxe8 Qxe8 15. Qd3 Bxf3 16. Qxf3 Nbd7 17. Ne4 Qxe4 0-1

[Event "Crema op 12th"]
[Site "Crema "]
[Date "2010.09.05"]
[Round "3"]
[White "Attuati, Sara"]
[Black "Saccani, Ettore"]
[Result "0-1"]
[WhiteElo "1455"]
[BlackElo "1800"]
[PlyCount "120"]
[EventDate "2010.09.05"]
[EventType "swiss"]
[EventRounds "6"]
[EventCountry "ITA"]
[SourceTitle "EXT 2012"]
[Source "ChessBase"]
[SourceDate "2011.11.24"]
[SourceVersion "1"]
[SourceVersionDate "2011.11.24"]
[SourceQuality "1"]

1. e4 e6 2. d4 d5 3. exd5 exd5 4. Nf3 Nf6 5. Bd3 Be7 6. 0-0 0-0 7. Nc3 c6 8. Bf4 Bg4 9. h3 Bh5 10. Re1 Re8 11. Be2 Bb4 12. Ne5 Bxe2 13. Rxe2 Nbd7 14. Qd3 Nh5 15. Bh2 Bd6 16. Nxf7 Bxh2+ 17. Kxh2 Kxf7 18. Qf3+ Nhf6 19. Rae1 Qc7+ 20. Kg1 Rxe2 21. Rxe2 Re8 22. g4 Rxe2 23. Nxe2 Kg8 24. Qf5 Qd6 25. Nf4 Nf8 26. c3 Qe7 27. f3 Qd7 28. Qc2 Ne6 29. Qd2 Qd6 30. Nd3 Qg3+ 31. Qg2 Qxg2+ 32. Kxg2 Kf8 33. Ne5 Ke7 34. Kg3 Nd7 35. Nd3 c5 36. dxc5 Nexc5 37. Nf4 Nf6 38. g5 Nfd7 39. Nxd5+ Kd6 40. Ne3 Ke6 41. Kg4 Ne5+ 42. Kg3 Ned3 43. b4 Na4 44. Nd1 Ke5 45. Kg4 g6 46. h4 Ne1 47. c4 Nc2 48. f4+ Ke6 49. b5 Nb6 50. c5 Nd5 51. a4 Nce3+ 52. Nxe3 Nxe3+ 53. Kf3 Nf5 54. Kg4 Kd5 55. h5 Kc4 56. hxg6 hxg6 57. Kf3 Kd5 58. Kg4 Ke4 59. a5 Ne3+ 60. Kg3 Kf5 0-1

[Event "Crema op 12th"]
[Site "Crema "]
[Date "2010.09.05"]
[Round "5"]
[White "Chiaravalloti, Francesco"]
[Black "Saccani, Ettore"]
[Result "0-1"]
[WhiteElo "1500"]
[BlackElo "1800"]
[PlyCount "130"]
[EventDate "2010.09.05"]
[EventType "swiss"]
[EventRounds "6"]
[EventCountry "ITA"]
[SourceTitle "EXT 2012"]
[Source "ChessBase"]
[SourceDate "2011.11.24"]
[SourceVersion "1"]
[SourceVersionDate "2011.11.24"]
[SourceQuality "1"]

1. d4 Nf6 2. c4 g6 3. Nc3 Bg7 4. e4 d6 5. Nge2 0-0 6. Bg5 c5 7. d5 a6 8. Qd2 Qa5 9. Nc1 Nbd7 10. Nb3 Qb4 11. Qc2 Ne5 12. a3 Qb6 13. Be2 h6 14. Bf4 Bd7 15. 0-0 g5 16. Bg3 Ne8 17. f4 Ng4 18. Bxg4 Bxg4 19. h3 Bh5 20. fxg5 hxg5 21. Rf5 f6 22. h4 Bg6 23. Rf2 gxh4 24. Bxh4 Bh6 25. Re1 Ng7 26. Bg3 Rae8 27. Bf4 Bxf4 28. Rxf4 Nh5 29. Rg4 Kh7 30. Nd2 Qc7 31. Nf3 Qd7 32. Rh4 Kg7 33. Kf2 Rh8 34. Reh1 Nf4 35. Qd2 e5 36. dxe6 Nxe6 37. Nd5 Bxe4 38. Rxh8 Rxh8 39. Rxh8 Kxh8 40. Qh6+ Bh7 41. Nxf6 Qg7 42. Qh4 Nf8 43. g4 Qg6 44. Kg3 Kg7 45. g5 Qf5 46. Qh6+ Kf7 47. Nxh7 Nxh7 48. g6+ Qxg6+ 49. Qxg6+ Kxg6 50. Kf4 Kf6 51. Nd2 b5 52. Ke4 Ke6 53. b3 Nf6+ 54. Kd3 d5 55. cxd5+ Kxd5 56. Kc3 Ne4+ 57. Nxe4 Kxe4 58. a4 Kd5 59. axb5 axb5 60. Kd3 b4 61. Kc2 Ke4 62. Kd2 Kd4 63. Kc2 Ke3 64. Kd1 Kd3 65. Kc1 Kc3 0-1

[Event "Crema op 12th"]
[Site "Crema "]
[Date "2010.09.05"]
[Round "6"]
[White "Marchesotti, Giovanni"]
[Black "Saccani, Ettore"]
[Result "1-0"]
[WhiteElo "1578"]
[BlackElo "1800"]
[PlyCount "87"]
[EventDate "2010.09.05"]
[EventType "swiss"]
[EventRounds "6"]
[EventCountry "ITA"]
[SourceTitle "EXT 2012"]
[Source "ChessBase"]
[SourceDate "2011.11.24"]
[SourceVersion "1"]
[SourceVersionDate "2011.11.24"]
[SourceQuality "1"]

1. f4 d5 2. Nf3 c5 3. e3 Nc6 4. b3 Nf6 5. Bb2 Bg4 6. Be2 e6 7. 0-0 Be7 8. Ne5 Bxe2 9. Qxe2 Qc7 10. Nxc6 Qxc6 11. d4 0-0-0 12. Ba3 Ne4 13. Nd2 Nc3 14. Qd3 Nb5 15. Bxc5 Bxc5 16. dxc5 Qxc5 17. a4 Nc7 18. Qd4 Qxd4 19. exd4 Kb8 20. Nf3 f6 21. Rac1 Rd6 22. c4 Rb6 23. Rc3 a5 24. c5 Rc6 25. Ne1 Na6 26. Nd3 Rhc8 27. Rfc1 b6 28. Kf2 Kb7 29. Ke2 Nb8 30. Kd2 Nd7 31. cxb6 Rxc3 32. Rxc3 Rxc3 33. Kxc3 Kxb6 34. h4 g6 35. g4 h6 36. b4 axb4+ 37. Kxb4 g5 38. hxg5 hxg5 39. fxg5 e5 40. g6 f5 41. a5+ Ka6 42. Nc5+ Nxc5 43. dxc5 e4 44. g7 1-0

[Event "Crema op 12th"]
[Site "Crema "]
[Date "2010.09.05"]
[Round "2"]
[White "Saccani, Ettore"]
[Black "Epitome, Nando"]
[Result "0-1"]
[WhiteElo "1800"]
[BlackElo "1607"]
[PlyCount "78"]
[EventDate "2010.09.05"]
[EventType "swiss"]
[EventRounds "6"]
[EventCountry "ITA"]
[SourceTitle "EXT 2012"]
[Source "ChessBase"]
[SourceDate "2011.11.24"]
[SourceVersion "1"]
[SourceVersionDate "2011.11.24"]
[SourceQuality "1"]

1. e4 c5 2. Nf3 d6 3. c3 Nf6 4. Bd3 e6 5. Bc2 Nbd7 6. d4 cxd4 7. cxd4 Qc7 8. Nc3 a6 9. 0-0 Be7 10. Re1 0-0 11. Qd3 g6 12. Bg5 Qd8 13. Rac1 b5 14. Ne2 Bb7 15. Ng3 Kg7 16. Qd2 Ng8 17. Bb3 h6 18. Bxe7 Nxe7 19. Rc3 Rc8 20. Rec1 Rxc3 21. Rxc3 Nf6 22. Qc2 Ba8 23. h3 Ne8 24. Ne2 Nf6 25. Nd2 d5 26. e5 Nd7 27. Rc7 Re8 28. Qc3 Nb6 29. Qc5 Nc4 30. Nxc4 dxc4 31. Bc2 Nd5 32. Ra7 Qa5 33. Nc3 Nxc3 34. bxc3 Qxc3 35. Rxa8 Rxa8 36. Qc6 Rf8 37. Qe4 Rd8 38. Qf4 Rd7 39. Qf6+ Kh7 0-1

[Event "Robecchetto op-A 19th"]
[Site "Robecchetto"]
[Date "2008.12.27"]
[Round "1"]
[White "Ranfagni, Stefano"]
[Black "Saccani, Ettore"]
[Result "1-0"]
[WhiteElo "2047"]
[BlackElo "1840"]
[PlyCount "87"]
[EventDate "2008.12.27"]
[EventType "swiss"]
[EventRounds "6"]
[EventCountry "ITA"]
[SourceTitle "EXT 2011"]
[Source "ChessBase"]
[SourceDate "2010.11.26"]
[SourceVersion "1"]
[SourceVersionDate "2010.11.26"]
[SourceQuality "1"]

1. e4 e6 2. d4 d5 3. Nd2 Nf6 4. e5 Nfd7 5. Bd3 b6 6. Ne2 Ba6 7. Bxa6 Nxa6 8. c3 c5 9. Nf3 cxd4 10. Nexd4 Qc7 11. Qe2 Nac5 12. 0-0 Be7 13. Nb5 Qb8 14. Bg5 Ne4 15. Bxe7 Kxe7 16. Nfd4 Qc7 17. f3 a6 18. fxe4 axb5 19. exd5 exd5 20. e6 Nf6 21. exf7+ Kxf7 22. Qxb5 Qd8 23. a3 Re8 24. Rae1 Qd6 25. Qd3 Kg8 26. Nb5 Qc5+ 27. Nd4 Qd6 28. Rxe8+ Rxe8 29. Qb5 Qe7 30. h3 Qe3+ 31. Kh1 Kh8 32. Nf5 Qe6 33. Qd3 Ne4 34. Ng3 Nc5 35. Qf5 g6 36. Qxe6 Rxe6 37. Rd1 Rd6 38. Ne2 Ne4 39. Kg1 b5 40. Nf4 Nf6 41. Rd4 g5 42. Nd3 Kg7 43. Rb4 Rb6 44. a4 1-0

[Event "Bratto op-B 28th"]
[Site "Bratto"]
[Date "2008.08.29"]
[Round "7"]
[White "Crimi, Alessandro"]
[Black "Saccani, Ettore"]
[Result "1-0"]
[WhiteElo "1904"]
[BlackElo "1873"]
[PlyCount "53"]
[EventDate "2008.08.23"]
[EventType "swiss"]
[EventRounds "9"]
[EventCountry "ITA"]
[SourceTitle "EXT 2011"]
[Source "ChessBase"]
[SourceDate "2010.11.26"]
[SourceVersion "1"]
[SourceVersionDate "2010.11.26"]
[SourceQuality "1"]

1. d4 Nf6 2. c4 g6 3. Nc3 Bg7 4. e4 d6 5. f4 0-0 6. Nf3 c5 7. d5 Na6 8. Be2 Nc7 9. a4 a6 10. 0-0 Bd7 11. e5 dxe5 12. fxe5 Ng4 13. Bf4 f6 14. e6 Bxe6 15. Bxc7 Qxc7 16. dxe6 f5 17. Nd5 Qd6 18. g3 Qxe6 19. Qe1 Qe4 20. Bd1 Bd4+ 21. Kg2 Ne3+ 22. Nxe3 Bxe3 23. Ra3 f4 24. gxf4 Rxf4 25. Rxe3 Rg4+ 26. Kh1 Qc6 27. Re6 1-0

[Event "Bratto Martesana op"]
[Site "Bratto"]
[Date "2006.11.18"]
[Round "4"]
[White "Acunzo, Domenico"]
[Black "Saccani, Ettore"]
[Result "1-0"]
[WhiteElo "1784"]
[BlackElo "1917"]
[PlyCount "63"]
[EventDate "2006.11.11"]
[EventType "swiss"]
[EventRounds "6"]
[EventCountry "ITA"]
[SourceTitle "EXT 2008"]
[Source "ChessBase"]
[SourceDate "2007.11.25"]
[SourceVersion "1"]
[SourceVersionDate "2007.11.25"]
[SourceQuality "1"]

1. e4 e6 2. d4 d5 3. Nc3 Bb4 4. e5 c5 5. a3 Bxc3+ 6. bxc3 Ne7 7. Qg4 Qc7 8. Qxg7 Rg8 9. Qxh7 cxd4 10. Ne2 Nbc6 11. f4 dxc3 12. Qd3 Bd7 13. Qxc3 Nf5 14. h3 0-0-0 15. g4 d4 16. Qd3 Nh4 17. Qg3 Ng6 18. Rb1 Qa5+ 19. Bd2 Qa4 20. Qd3 Nge7 21. Bg2 Nf5 22. Kf2 Nh4 23. Be4 Be8 24. Rb2 Na5 25. Bxa5 Qxa5 26. Rxb7 Qc5 27. Rhb1 Bc6 28. Qa6 d3+ 29. Ke1 d2+ 30. Kd1 Qxc2+ 31. Kxc2 Bxe4+ 32. Kd1 1-0

[Event "Bratto op 26th"]
[Site "Bratto"]
[Date "2006.08.23"]
[Round "5"]
[White "Scotti, Umberto"]
[Black "Saccani, Ettore"]
[Result "1-0"]
[WhiteElo "2207"]
[BlackElo "1940"]
[PlyCount "45"]
[EventDate "2006.08.19"]
[EventType "swiss"]
[EventRounds "9"]
[EventCountry "ITA"]
[SourceTitle "CBM 113 Extra"]
[Source "ChessBase"]
[SourceDate "2006.09.14"]
[SourceVersion "1"]
[SourceVersionDate "2006.09.14"]
[SourceQuality "1"]

1. d4 Nf6 2. Nf3 g6 3. Bf4 Bg7 4. e3 0-0 5. Be2 d6 6. h3 Nbd7 7. 0-0 Qe8 8. c4 e5 9. Bh2 h6 10. Nc3 a6 11. Qc2 Nh7 12. b4 f5 13. c5 b5 14. Nd5 Qd8 15. cxd6 Bb7 16. Ne7+ Kf7 17. Qb3+ Ke8 18. Nxg6 Rf6 19. Qg8+ Nhf8 20. Ngxe5 Nxe5 21. Nxe5 cxd6 22. Bh5+ Ke7 23. Qxg7+ 1-0

[Event "Crema op 06th"]
[Site "Crema"]
[Date "2004.09.03"]
[Round "1"]
[White "Gromovs, Sergejs"]
[Black "Saccani, Ettore"]
[Result "1-0"]
[WhiteElo "2341"]
[BlackElo "1739"]
[PlyCount "35"]
[EventDate "2004.09.03"]
[EventType "swiss"]
[EventRounds "6"]
[EventCountry "ITA"]
[SourceTitle "EXT 2007"]
[Source "ChessBase"]
[SourceDate "2006.11.23"]
[SourceVersion "1"]
[SourceVersionDate "2006.11.23"]
[SourceQuality "1"]

1. d4 Nf6 2. Nf3 e6 3. c4 d5 4. Nc3 Be7 5. Bf4 0-0 6. e3 c6 7. Qc2 Nbd7 8. h3 h6 9. a3 Qa5 10. Bd3 dxc4 11. Bxc4 Nd5 12. Bg3 N7f6 13. 0-0 Bd7 14. Ne5 Rac8 15. Rfd1 Rfd8 16. b4 Nxb4 17. axb4 Qxb4 18. Rdb1 1-0

[Event "Crema op 06th"]
[Site "Crema"]
[Date "2004.09.03"]
[Round "2"]
[White "Saccani, Ettore"]
[Black "Bignami, Venanzio"]
[Result "1-0"]
[WhiteElo "1739"]
[BlackElo "1532"]
[PlyCount "49"]
[EventDate "2004.09.03"]
[EventType "swiss"]
[EventRounds "6"]
[EventCountry "ITA"]
[SourceTitle "EXT 2007"]
[Source "ChessBase"]
[SourceDate "2006.11.23"]
[SourceVersion "1"]
[SourceVersionDate "2006.11.23"]
[SourceQuality "1"]

1. e4 e5 2. Nf3 Nc6 3. Bb5 a6 4. Ba4 d6 5. h3 Bd7 6. c3 h6 7. 0-0 Nf6 8. Re1 g5 9. d4 exd4 10. cxd4 Be7 11. Nc3 b5 12. Bb3 g4 13. e5 Nh5 14. exd6 cxd6 15. Nh2 g3 16. Qxh5 gxh2+ 17. Kxh2 Rh7 18. Bg5 d5 19. Nxd5 Qb8+ 20. Kg1 Qd6 21. Bxe7 Nxe7 22. Rxe7+ Kf8 23. Rae1 Be6 24. R1xe6 fxe6 25. Rxh7 1-0

[Event "Crema op 03rd"]
[Site "Crema"]
[Date "2001.09.09"]
[Round "5"]
[White "Saccani, Ettore"]
[Black "Pinotti, Claudio"]
[Result "0-1"]
[WhiteElo "1540"]
[BlackElo "1810"]
[PlyCount "54"]
[EventDate "2001.09.07"]
[EventType "swiss"]
[EventRounds "6"]
[EventCountry "ITA"]
[SourceTitle "EXT 2007"]
[Source "ChessBase"]
[SourceDate "2006.11.23"]
[SourceVersion "1"]
[SourceVersionDate "2006.11.23"]
[SourceQuality "1"]

1. e4 d6 2. d4 Nf6 3. Nc3 Nbd7 4. Bc4 e5 5. Nf3 h6 6. dxe5 dxe5 7. 0-0 Bd6 8. Qe2 Nb6 9. Bb3 c6 10. Rd1 Qc7 11. Be3 Bg4 12. Bxb6 axb6 13. h3 Bh5 14. Rd3 g5 15. Rad1 0-0-0 16. g4 Bg6 17. Na4 Nxe4 18. Bxf7 Qxf7 19. Rxd6 Nxd6 20. Rxd6 Rxd6 21. Qxe5 Rhd8 22. Nxb6+ Kc7 23. Qa5 Qxf3 24. Nd5+ Kd7 25. Qc7+ Ke6 26. Nc3 Rf8 27. Qb6 Be4 0-1

[Event "Crema op 03rd"]
[Site "Crema"]
[Date "2001.09.08"]
[Round "3"]
[White "Righini, Giovanni"]
[Black "Saccani, Ettore"]
[Result "1/2-1/2"]
[WhiteElo "1761"]
[BlackElo "1540"]
[PlyCount "56"]
[EventDate "2001.09.07"]
[EventType "swiss"]
[EventRounds "6"]
[EventCountry "ITA"]
[SourceTitle "EXT 2007"]
[Source "ChessBase"]
[SourceDate "2006.11.23"]
[SourceVersion "1"]
[SourceVersionDate "2006.11.23"]
[SourceQuality "1"]

1. e4 e6 2. d4 d5 3. e5 b6 4. c3 Qd7 5. Bd3 Ba6 6. Bxa6 Nxa6 7. Qe2 Qc8 8. Nf3 Ne7 9. 0-0 c5 10. a3 c4 11. Qc2 Nc7 12. Bd2 Nf5 13. g4 Ne7 14. a4 Ng6 15. Na3 a6 16. b4 Qd7 17. a5 b5 18. Kg2 Be7 19. Bg5 0-0-0 20. Qd2 h6 21. Bxe7 Qxe7 22. Rh1 Nh4+ 23. Nxh4 Qxh4 24. Qf4 h5 25. h3 Rdf8 26. Qg3 Qxg3+ 27. Kxg3 Rh6 28. g5 Rhh8 1/2-1/2

[Event "Crema op 03rd"]
[Site "Crema"]
[Date "2001.09.07"]
[Round "1"]
[White "Pagnoncelli, Marco"]
[Black "Saccani, Ettore"]
[Result "1-0"]
[WhiteElo "2064"]
[BlackElo "1540"]
[PlyCount "59"]
[EventDate "2001.09.07"]
[EventType "swiss"]
[EventRounds "6"]
[EventCountry "ITA"]
[SourceTitle "EXT 2007"]
[Source "ChessBase"]
[SourceDate "2006.11.23"]
[SourceVersion "1"]
[SourceVersionDate "2006.11.23"]
[SourceQuality "1"]

1. e4 e6 2. d4 d5 3. exd5 exd5 4. Nf3 Nf6 5. c4 c6 6. Nc3 Bb4 7. Bg5 0-0 8. Be2 Bg4 9. cxd5 cxd5 10. 0-0 Bxc3 11. bxc3 Nbd7 12. h3 Bh5 13. Qb3 Qc7 14. g4 Bg6 15. Bh4 Ne4 16. Rac1 Rac8 17. Qxd5 Nxc3 18. Rxc3 Qxc3 19. Qxd7 Rfe8 20. Ne5 Qxh3 21. Bg3 Qh6 22. Bc4 Rf8 23. Qxb7 Qd2 24. Nxg6 hxg6 25. Bxf7+ Kh7 26. Kg2 Rc1 27. Be5 Kh6 28. Rxc1 Qxc1 29. Qe7 Qc6+ 30. d5 1-0

[Event "Corsico op-B 14th"]
[Site "Corsico"]
[Date "1997.10.??"]
[Round "5"]
[White "Bruno, Fabrizio"]
[Black "Saccani, Ettore"]
[Result "1-0"]
[WhiteElo "1648"]
[BlackElo "1507"]
[PlyCount "106"]
[EventDate "1997.10.04"]
[EventType "swiss"]
[EventRounds "6"]
[EventCountry "ITA"]
[SourceTitle "EXT 2024"]
[Source "ChessBase"]
[SourceDate "2023.10.10"]
[SourceVersion "1"]
[SourceVersionDate "2023.10.10"]
[SourceQuality "1"]

1. e4 e6 2. d4 d5 3. Nc3 Bb4 4. e5 c5 5. Bd2 cxd4 6. Nb5 Bxd2+ 7. Qxd2 Nc6 8. f4 Nge7 9. Nd6+ Kf8 10. Bd3 Qb6 11. 0-0-0 Nb4 12. Kb1 Nxd3 13. Qxd3 Nf5 14. Nxf5 exf5 15. Nf3 g6 16. h4 Bd7 17. Nxd4 Rc8 18. h5 Kg7 19. h6+ Kf8 20. Rhf1 Ke7 21. Qg3 Rc5 22. Rfe1 Be6 23. Qg5+ Kd7 24. Qf6 Qd8 25. Qxd8+ Rxd8 26. Re3 Ke7 27. b3 Rdc8 28. Kb2 Kf8 29. Rdd3 a6 30. Rc3 Rxc3 31. Rxc3 Rxc3 32. Kxc3 Ke7 33. Nf3 f6 34. Kd4 b6 35. exf6+ Kxf6 36. Ng5 Bg8 37. a4 b5 38. axb5 axb5 39. Kc5 Ke7 40. Kxb5 Kd6 41. Kb6 d4 42. b4 Kd5 43. b5 Kc4 44. Ka6 Kc3 45. b6 Bd5 46. Nxh7 Kxc2 47. Nf6 Bc4+ 48. Ka7 d3 49. b7 d2 50. b8Q d1Q 51. h7 Qa1+ 52. Kb7 Qb2+ 53. Kc7 Qe5+ 1-0